Indovina la nazione dal personaggio famoso parte 4 - Statistics

Statistiche generali
  • Questo quiz è stato fatto 262 volte
  • Il punteggio medio è 16 su 20
Statistiche sulle risposte
PERSONAGGIO FAMOSO NAZIONE % Corretto
Luigi Pirandello Italia
100%
Pablo Picasso Spagna
99%
Lionel Messi Argentina
98%
Antoine de Saint-Exupery Francia
98%
Fedor Dostoevskij Russia
96%
John Fitzgerald Kennedy Usa
96%
Arthur Schopenhauer Germania
93%
Papa Giovanni Paolo II Polonia
91%
George Elliot Regno Unito
88%
Usain Bolt Giamaica/Jamaica
86%
Ayrton Senna Brasile
82%
Fernando Pessoa Portogallo
80%
Tenzin Gyatzo Cina
74%
Pablo Neruda Cile
69%
Robert Musil Austria
66%
Georges Simenon Belgio
62%
Osho India
57%
Jean Piaget Svizzera
57%
Orhan Pamuk Turchia
38%
Rainer Maria Rilke Repubblica Ceca
36%
Nessun quiz corrispondente trovato
Distribuzione punteggi
Percentuale di utenti per punteggio
Percentile per numero di risposta
I tuoi punteggi nel tempo
Non hai fatto questo quiz